Bilecik Bilecik Bilecik Bilecik Bilecik

Psikoterapi ve psikolojik danışma kuramları : (Record no. 51444)

MARC details
000 -BAŞLIK
Sabit Uzunluktaki Kontrol Alanı 01664nam a22005057a 4500
001 - KONTROL NUMARASI
Control Dosyası 0051624
003 - KONTROL NUMARASI KİMLİĞİ
Kontrol Alanı KOHA_MİRAKIL
005 - EN SON İŞLEM TARİHİ ve ZAMANI
Kontrol Alanı 20260207003812.0
007 - FİZİKSEL TANIM SABİT ALAN - GENEL BİLGİ
Sabit uzunluklu kontrol alanı ta
008 - SABİT UZUNLUKTAKİ VERİ ÖGELERİ - GENEL BİLGİ
Sabit Alan 150629b2014 tu a|||gr||||#||||0|tur |
020 ## - ISBN - ULUSLARARASI STANDART KİTAP NUMARASI
Isbn 9786051337197
040 ## - KATALOGLAMA KAYNAĞI
Özgün Kataloglama Kurumu TR-BiSEU
Kataloglama Dili tur
Çeviri Kurumu TR-BiSEU
Açıklama Kuralları rda
041 0# - DİL KODU
Metin ya da ses kaydının dil kodu tur
044 ## - YAYINLAYAN/ÜRETEN KURULUŞUN ÜLKE KODU
ISO country code tu
050 ## - SINIFLAMA ve YER NUMARASI
Sınıflama Numarası RC480
Yer Numarası .S53 2014
100 1# - KİŞİ ADI
Yazar Adı (Kişi adı) Sharf, Richard S..
240 10 - TEK BİÇİM BAŞLIK
Tekbiçim Başlık <a href="Theories of psychotherapy and counseling : concepts and cases">Theories of psychotherapy and counseling : concepts and cases</a>
Language of a work Türkçe
245 1# - ESER ADI BİLDİRİMİ
Başlık Psikoterapi ve psikolojik danışma kuramları :
Alt Eseradı vb. kavramlar ve örnek olaylar =
-- Theories of psychotherapy and counseling :
-- concepts and cases /
Sorumluluk Bildirimi Richard S. Sharf ; Richard S. Sharf ; çeviren Nilüfer Voltan Acar.
264 #1 - ÜRERİM, YAYIN, DAĞITIM ve TELİF BİLDİRİMİ
Yayın yeri Ankara :
Yayınlayan Nobel Akademik Yayıncılık
Yayın tarihi 2014
300 ## - FİZİKSEL TANIMLAMA
Sayfa, Cilt vb. 696 sayfa :
Diğer fiziki detaylar resim ;
Boyutları 24 cm.
336 ## - İÇERİK TÜRÜ
Content type term metin
Content type code txt
Source rdacontent
337 ## - MEDYA TÜRÜ
Media type term aracısız
Media type code n
Source rdamedia
338 ## - TAŞIYICI TÜRÜ
Carrier type term cilt
Carrier type code nc
Source rdacarrier
490 1# - DİZİ BİLDİRİMİ
Dizi Bildirimi Yayın No.
490 1# - DİZİ BİLDİRİMİ
Dizi Bildirimi ;
Cilt Numarası 816.
490 1# - DİZİ BİLDİRİMİ
Dizi Bildirimi Eğitim No.
490 1# - DİZİ BİLDİRİMİ
Dizi Bildirimi 167.
500 ## - GENEL NOT
Genel Not Dizin var.
500 ## - GENEL NOT
Genel Not Kaynakça var.
650 #0 - KONU BAŞLIĞI EK GİRİŞ - KONU TERİMİ
Konusal terim veya coğrafi ad Psychotherapy.
9 (RLIN) 22641
650 #0 - KONU BAŞLIĞI EK GİRİŞ - KONU TERİMİ
Konusal terim veya coğrafi ad Psikoterapi.
9 (RLIN) 22640
650 #0 - KONU BAŞLIĞI EK GİRİŞ - KONU TERİMİ
Konusal terim veya coğrafi ad Tedavide kullanım.
9 (RLIN) 81105
650 #0 - KONU BAŞLIĞI EK GİRİŞ - KONU TERİMİ
Konusal terim veya coğrafi ad Therapeutic use.
9 (RLIN) 96147
650 #0 - KONU BAŞLIĞI EK GİRİŞ - KONU TERİMİ
Konusal terim veya coğrafi ad Gözlem (Psikoloji).
9 (RLIN) 96148
650 #0 - KONU BAŞLIĞI EK GİRİŞ - KONU TERİMİ
Konusal terim veya coğrafi ad Observation (Psychology).
9 (RLIN) 96149
650 #0 - KONU BAŞLIĞI EK GİRİŞ - KONU TERİMİ
Konusal terim veya coğrafi ad Popüler çalışmalar.
9 (RLIN) 96150
650 #0 - KONU BAŞLIĞI EK GİRİŞ - KONU TERİMİ
Konusal terim veya coğrafi ad Popular works.
9 (RLIN) 96151
650 #0 - KONU BAŞLIĞI EK GİRİŞ - KONU TERİMİ
Konusal terim veya coğrafi ad Hastalar--Psikoloji.
9 (RLIN) 96152
650 #0 - KONU BAŞLIĞI EK GİRİŞ - KONU TERİMİ
Konusal terim veya coğrafi ad Patients--Psychology.
9 (RLIN) 96153
830 1# - SERİ EK GİRİŞİ - TEKBİÇİM ESER ADI
Tekbiçim Başlık Yayın No.
9 (RLIN) 1861
830 1# - SERİ EK GİRİŞİ - TEKBİÇİM ESER ADI
Tekbiçim Başlık ;
Volume number/sequential designation 816.
9 (RLIN) 1620
830 1# - SERİ EK GİRİŞİ - TEKBİÇİM ESER ADI
Tekbiçim Başlık Eğitim No.
9 (RLIN) 95350
830 1# - SERİ EK GİRİŞİ - TEKBİÇİM ESER ADI
Tekbiçim Başlık 167.
9 (RLIN) 14582
942 ## - EK GİRİŞ ÖGELERİ (KOHA)
Source of classification or shelving scheme Library of Congress Classification
Koha item type Book
Holdings
Materyal Türü Kalıcı Konum Mevcut Konum Raf Yeri Sınıflandırma Kaynağı Edinim Bilgisi Ana Konular Alt Konular Yer Numarası Demirbaş Numarası Fatura Tarihi Maliyet, Alış Fiyatı Maliyet, Yenileme Fiyatı Geri Çekilme Durumu Kayıp Durumu Hasarlı Durumu Kredi için değil Kayıt Tarih Toplam Ödünçverme Son Görülme Tarihi Son Kontrol Tarihi Satın Alma Notu
Book Prof. Dr. Azmi Özcan Kütüphanesi Prof. Dr. Azmi Özcan Kütüphanesi Birûni Salonu Library of Congress Classification Satın TIP Dahiliye RC480 .S53 2014 0051624 07/07/2015 24.81 24.81         29/06/2015 1 07/05/2025 07/05/2025 B-984687 - B-984797